000 00373nam a2200169Ia 4500
008 221030s9999 xx 000 0 und d
020 _a00741060236
041 _aEnglish
082 _a105.23
_bPab
100 _aA. S. Pabla
245 0 _aElectric Power Distribution
250 _a4th
260 _bTMH
_aNew Delhi
_c1981
300 _a659
650 _aEE
942 _cBK
999 _c1295
_d1295